000 00356nam a2200145Ia 4500
008 151213s9999 xx 000 0 und d
100 _aL.B.Cathin
245 _aInternational Business
_cL.B.Cathin
260 _aOhio
_bSouth Western
_c1994
300 _a2663 p.
650 _aManagement
650 _aManagement
700 _aL.B.Cathin
999 _c1775
_d1775